000 00366nam a2200157 4500
008 170125s1977||||xo d
100 1 _aCibulka Július
_998
245 1 0 _aAutomobil - moja záluba
250 _a1. vydanie
260 _bALFA
_aBratislava
_c1977
300 _a128 s.
020 _a63-170-77
_c0
041 1 _aslo
044 _axo
_cSK
958 _aAPR
999 _c21216
_d21216